O Answers Quiz #2 - Statistics

General Stats
  • This quiz has been taken 39,510 times
    28,185 since last reset
  • The average score is 17 of 24
Answer Stats
Clue Answer % Correct
Oldest University in England Oxford
96%
Shape of the U.S. President's office Oval
95%
Capital of Canada Ottawa
92%
Island of fertility in a desert Oasis
91%
Shrek's species Ogre
91%
Fall festival in Munich Oktoberfest
89%
Constellation with a belt Orion
89%
Cute sea mammal that hold hands Otter
81%
National gemstone of Australia Opal
80%
"Nineteen Eighty-Four" author Orwell
80%
City in France. There's a "new" one in the U.S. Orleans
78%
Greek letter or Covid variant Omicron
71%
Where the fat lady sings Opera
71%
A contradiction in terms. Jumbo shrimp, e.g. Oxymoron
67%
Animal that plays dead Opossum
63%
Skateboarding jump Ollie
58%
Opposite of Occident Orient
57%
King who married his own mother Oedipus
56%
Island where karate originated Okinawa
56%
Dim-witted dog who lives with Garfield Odie
51%
Donny and Marie's last name Osmond
49%
Gumbo ingredient Okra
42%
Friend of doctors Phil and Oz Oprah
41%
Sit on a potato pan ... Otis
16%
No matching quizzes found
Score Distribution
Percent of People with Each Score
Percentile by Number Answered
Your Score History
You have not taken this quiz since the last reset